Financial reporting and analysis

Đã lưu trong:
书目详细资料
格式: Sách
语言:Undetermined
出版:  McGraw-Hill Education  2018
主题:
标签: 添加标签
没有标签, 成为第一个标记此记录!
Thư viện lưu trữ: Trung tâm Thư viện - Trường Đại học Công nghiệp TP. Hồ Chí Minh
LEADER 00458nam a2200133Ia 4500
001 UIH_05550
008 231011s9999 xx 000 0 und d
082 |a  657.3 
245 0 |a  Financial reporting and analysis 
260 |b  McGraw-Hill Education 
260 |c  2018 
650 |a  Financial statements; Corporations; Báo cáo tài chính;  
927 |a Sách 
980 |a Trung tâm Thư viện - Trường Đại học Công nghiệp TP. Hồ Chí Minh